O żmudzkim "Baublisie" i twórczości Dionizego Paszkiewicza [ok
| Titel: | O żmudzkim "Baublisie" i twórczości Dionizego Paszkiewicza [ok : 1765-1830] |
|---|---|
| Verfasser: | |
| In: |
Litteraria, Band 37 (2009), Seite 35-46, sum alle Artikel anzeigen |
| Veröffentlicht: | 2009 |
| Format: | Aufsatz |
| Sprache: | Polnisch |
X
alg: 39411825 001A $01999:12-11-16 001B $01999:12-07-19 $t16:37:08.000 001C $06050:19-11-16 $t08:56:44.000 001D $01999:12-11-16 001U $0utf8 001X $00 002@ $0Aox 003@ $0394118251 007A $0394118251 $aHEB 007T $0Herdkk00021777 010@ $apol 011@ $a2009 021A $aO żmudzkim "Baublisie" i twórczości Dionizego Paszkiewicza [ok $d1765-1830] 028A $aGrzęda $dEwa 031A $d37 $h35-46, sum $j2009 039B $aIn $8--Abvc--. Litteraria. - Wrocław : Wydawn. WTN, 1969-. - ISSN 0084-3008 $x200900000370000965 $9047344253 045T $aAVL $qDE-30 $2FID 045T $a7,39 $a7,12 lok: 39411825 78 exp: 39411825 78 1 #EPN 201B/01 $026-04-19 $t22:38:08.000 201U/01 $0utf8 203@/01 $0790228769 208@/01 $a12-11-16 $be 209A/01 $a/ $f000 $x00 220C/01 $aTitelaufnehmer: pbb 220C/01 $aHerkunft: PBB/IH PAN 220C/01 $aAnmerkung: *uA 244Z/01 $2Trx $#Poola $#Lenkija $#Polija $#Polen Land $#Poland $#Lengyelország $#Poľsko $#Polsko $8--Trx--Polska$gkraj $x01 $9391345966 244Z/01 $2Trx $#Litauen $#Lithuania $#Litwa $#Litva $#Litva $8--Trx--Lietuva $x02 $9391193457 244Z/01 $#Schamaiten (Region) $#Samogitien $#Žemaičiai $#Samogitia $#Žemaitija $#Żmudź $74118314-9 $8--Tg1--Schamaiten $x03 $9085367699 244Z/01 $aGeschichte 1765-1830 $x04 244Z/01 $#Paszkiewicz, Dionizy $#Paszkiewicz, Dyonizy $#Paškevičius, Dionizas $#Poszka, Dionizas $#Poszka, D. $7122828089 $8--Tp1--Poška, Dionizas$Z1764-1830 $x05 $9098028057 244Z/01 $2Trx $#kirjanikud $#rašytojai $#writers $#írók $#pisarze $#spisovatelia $#spisovatelé $8--Trx--Schriftsteller $x06 $9391382659 244Z/01 $2Trx $8--Trx--Zeitschriftenaufsatz $x07 $9391384341 245Z/01 $a11.08;12.03 $x01 247C/01 $82080>Marburg/Lahn, Herder-Institut, Forschungsbibliothek, Bibliographieportal $9336309341
| LEADER | 00000caa a22000002c 4500 | ||
|---|---|---|---|
| 001 | 394118251 | ||
| 003 | DE-603 | ||
| 005 | 20190712163708.0 | ||
| 007 | tu | ||
| 008 | 161112s2009 xx |||| | u00||u|pol c | ||
| 035 | |a (DE-599)HEB394118251 | ||
| 040 | |a DE-603 |b ger |c DE-603 |d DE-603 | ||
| 041 | |a pol | ||
| 084 | |a AVL |q DE-30 |2 fid | ||
| 084 | |a 7,39 |a 7,12 |2 ssgn | ||
| 100 | 1 | |a Grzęda, Ewa | |
| 245 | 0 | 0 | |a O żmudzkim "Baublisie" i twórczości Dionizego Paszkiewicza [ok |b 1765-1830] |
| 264 | 0 | |c 2009 | |
| 773 | 0 | 8 | |i In |t Litteraria |d Wrocław : Wydawn. WTN, 1969- |x 0084-3008 |g Band 37 (2009), Seite 35-46, sum |w (DE-603)047344253 |w (DE-600)216021-3 |
| 924 | 0 | |9 2080 |a (DE-603)790228769 |b DE-2080 |c HES |d d |g / | |


